Foreign policy on Latin America, 1970-1980 / (Record no. 42239)
[ view plain ]
| 000 -LEADER | |
|---|---|
| fixed length control field | 01065nam a2200301 a 4500 |
| 001 - CONTROL NUMBER | |
| control field | 42239 |
| 003 - CONTROL NUMBER IDENTIFIER | |
| rucl marc code | BD-RjUL |
| 005 - DATE AND TIME OF LATEST TRANSACTION | |
| control field | 20211209053518.0 |
| 008 - FIXED-LENGTH DATA ELEMENTS--GENERAL INFORMATION | |
| fixed length control field | 160611s1983 cou b 00100 eng |
| 020 ## - INTERNATIONAL STANDARD BOOK NUMBER | |
| International Standard Book Number | 0865317054 |
| International Standard Book Number | 0865317046 |
| 035 ## - SYSTEM CONTROL NUMBER | |
| System control number | (BD-RjUL)42357 |
| System control number | 1017867 |
| 040 ## - CATALOGING SOURCE | |
| Original cataloging agency | ANL |
| Language of cataloging | eng |
| Modifying agency | ANL |
| Transcribing agency | BD-RjUL |
| 041 ## - LANGUAGE CODE | |
| Language code of text/sound track or separate title | eng |
| 082 00 - DEWEY DECIMAL CLASSIFICATION NUMBER | |
| Classification number | 327.7308 |
| Edition number | 19 |
| Author mark and year | FOR 1983 |
| 245 00 - TITLE STATEMENT | |
| Title | Foreign policy on Latin America, 1970-1980 / |
| Statement of responsibility, etc. | edited by the staff of Foreign policy. |
| 260 ## - PUBLICATION, DISTRIBUTION, ETC. (IMPRINT) | |
| Place of publication, distribution, etc. | Boulder, Colo. : |
| Name of publisher, distributor, etc. | Westview Press ; |
| Place of publication, distribution, etc. | Washington, D.C. : |
| Name of publisher, distributor, etc. | Carnegie Endowment, |
| Date of publication, distribution, etc. | 1983. |
| 300 ## - PHYSICAL DESCRIPTION | |
| Pagination | vii, 184 p. ; |
| Size | 26 cm. |
| 504 ## - BIBLIOGRAPHY, ETC. NOTE | |
| Bibliography, etc | Includes bibliographical references and index. |
| 651 #0 - SUBJECT ADDED ENTRY--GEOGRAPHIC NAME | |
| Geographic name | Latin America |
| General subdivision | Foreign relations |
| Geographic subdivision | United States. |
| 9 (RLIN) | 129776 |
| Geographic name | United States |
| General subdivision | Foreign relations |
| Geographic subdivision | Latin America. |
| 9 (RLIN) | 129775 |
| Geographic name | United States |
| General subdivision | Foreign relations |
| Chronological subdivision | 1974-1977. |
| 9 (RLIN) | 129875 |
| Geographic name | United States |
| General subdivision | Foreign relations |
| Chronological subdivision | 1977-1981. |
| 9 (RLIN) | 129740 |
| 942 ## - ADDED ENTRY ELEMENTS (KOHA) | |
| Source of classification or shelving scheme | Dewey Decimal Classification |
| Koha item type | Books |
| Lost status | Source of classification or shelving scheme | Damaged status | Not for loan | Collection code | Permanent Location | Current Location | Shelving location | Date acquired | Total Checkouts | Full call number | Date last seen | Copy number | Koha item type | Date checked out |
|---|---|---|---|---|---|---|---|---|---|---|---|---|---|---|
| Dewey Decimal Classification | Non-fiction | Central Library, University of Rajshahi | Central Library, University of Rajshahi | 18/01/1988 | 327.7308 FOR 1983 | 11/06/2016 | C-2 | Books | ||||||
| Dewey Decimal Classification | Non-fiction | Central Library, University of Rajshahi | Central Library, University of Rajshahi | 18/01/1988 | 1 | 327.7308 FOR 1983 | 24/07/2018 | C-3 | Books | 15/07/2018 |